| 000 | 00843cam a2200313 4500 | ||
|---|---|---|---|
| 999 |
_c60961 _d60961 |
||
| 001 | 1333581610 | ||
| 003 | DE-627 | ||
| 005 | 20201116124213.0 | ||
| 007 | tu | ||
| 008 | 070411s1942 xx ||||| 00| ||ger c | ||
| 035 | _a(DE-627)1333581610 | ||
| 035 | _a(DE-576)263581616 | ||
| 035 | _a(DE-599)BSZ263581616 | ||
| 035 | _a(OCoLC)36582687 | ||
| 040 |
_aDE-627 _bger _cDE-627 _erakwb _dSTABB |
||
| 041 | _ager | ||
| 082 | 0 | _a720.92 | |
| 084 |
_aLI 79700 _2rvk _0(DE-625)rvk/97057: |
||
| 100 | 1 |
_aNeumann, Max _4aut |
|
| 245 | 1 | 0 |
_aMenschen um Schinkel _cMax Neumann |
| 264 | 1 |
_aBerlin _bde Gruyter _c1942 |
|
| 300 |
_aXII, 192 S. _bIll. |
||
| 336 |
_aText _btxt _2rdacontent |
||
| 337 |
_aohne Hilfsmittel zu benutzen _bn _2rdamedia |
||
| 338 |
_aBand _bnc _2rdacarrier |
||
| 951 | _aBO | ||
| 942 |
_2z _cBK |
||